[Event "Senta-ch"]
[Site "Senta"]
[Date "2017.02.17"]
[Round "7"]
[White "Nagy Abonyi, Arnold"]
[Black "Rozsa, Sandor S"]
[Result "0-1"]
[WhiteElo "1358"]
[BlackElo "1475"]
[PlyCount "130"]
[EventDate "2017.01.20"]
[EventType "swiss"]
[EventRounds "9"]
[EventCountry "SRB"]
[SourceTitle "EXT 2018"]
[Source "ChessBase"]
[SourceDate "2017.10.13"]
[SourceVersion "1"]
[SourceVersionDate "2017.10.13"]
[SourceQuality "1"]

1. e4 e6 2. d4 d5 3. e5 c5 4. c3 Nc6 5. Nf3 Qb6 6. Qa4 Bd7 7. Qb3 c4 8. Qxb6 axb6 9. Be2 Nge7 10. 0-0 Ng6 11. a3 Be7 12. Bg5 0-0 13. Bxe7 Ncxe7 14. h4 Nf4 15. Bd1 Ba4 16. Nbd2 Bxd1 17. Raxd1 Rfc8 18. Kh2 b5 19. g3 Nd3 20. Rb1 h6 21. Ne1 Nxe1 22. Rfxe1 Rc7 23. f4 Kh7 24. Nf3 g6 25. g4 Ra6 26. Kh3 Kg7 27. Rg1 Kh7 28. h5 Ra8 29. hxg6+ fxg6 30. g5 h5 31. Nh4 Rf8 32. Rbf1 Nf5 33. Nxf5 Rxf5 34. Kg3 Rcf7 35. Rh1 b6 36. Rf3 Kg7 37. Rhf1 Kf8 38. Ra1 Ra7 39. Kh4 Ke7 40. Kg3 Kd7 41. Rff1 Kc6 42. Rfe1 Raf7 43. Rf1 Ra7 44. Rfb1 Raf7 45. a4 bxa4 46. Rxa4 Rxf4 47. b3 Rf3+ 48. Kg2 Rxc3 49. bxc4 dxc4 50. Ra6 Rb7 51. Rb4 h4 52. Kh2 Kc7 53. Rb5 Kc6 54. Rb4 Kc7 55. Ra8 Kc6 56. Rh8 b5 57. Rxh4 Rf7 58. Rb2 Rcf3 59. Rg2 Kd5 60. Rg3 R3f4 61. Rhg4 Rxg4 62. Rxg4 b4 63. Kg3 b3 64. Rf4 Rxf4 65. Kxf4 Kxd4 0-1

[Event "Senta-ch"]
[Site "Senta"]
[Date "2016.01.29"]
[Round "4"]
[White "Bilic, Marijana"]
[Black "Rozsa, Sandor S"]
[Result "1-0"]
[WhiteElo "1670"]
[BlackElo "1487"]
[PlyCount "49"]
[EventDate "2016.01.22"]
[EventType "swiss"]
[EventRounds "9"]
[EventCountry "SRB"]
[SourceTitle "CBM 170 Extra"]
[Source "ChessBase"]
[SourceDate "2016.02.25"]
[SourceVersion "1"]
[SourceVersionDate "2016.02.25"]
[SourceQuality "1"]

1. e4 c5 2. Nf3 Nc6 3. d4 cxd4 4. Nxd4 Nxd4 5. Qxd4 e6 6. Nc3 a6 7. a4 h6 8. Be2 Ne7 9. 0-0 Nc6 10. Qd1 Be7 11. Be3 Qc7 12. Qd2 d6 13. Rfd1 Bd7 14. Bf4 e5 15. Nd5 Qb8 16. Be3 Bd8 17. Nb6 Bxb6 18. Bxb6 Ke7 19. Bc4 Be6 20. Bxe6 fxe6 21. Ra3 Nd8 22. Rc3 Nc6 23. Rd3 d5 24. exd5 e4 25. Rg3 1-0

[Event "Senta op-B 17th"]
[Site "Senta"]
[Date "2013.07.13"]
[Round "1"]
[White "Petrovic, Milan M"]
[Black "Rozsa, Sandor S"]
[Result "1-0"]
[WhiteElo "1926"]
[BlackElo "1485"]
[PlyCount "29"]
[EventDate "2013.07.13"]
[EventType "swiss"]
[EventRounds "9"]
[EventCountry "SRB"]
[SourceTitle "EXT 2014"]
[Source "ChessBase"]
[SourceDate "2013.11.20"]
[SourceVersion "1"]
[SourceVersionDate "2013.11.20"]
[SourceQuality "1"]

1. e4 e5 2. d4 exd4 3. Nf3 Bb4+ 4. c3 dxc3 5. Nxc3 Bxc3+ 6. bxc3 d6 7. Bc4 Bg4 8. Qb3 Nh6 9. Bxh6 gxh6 10. Bxf7+ Kf8 11. Bd5 a5 12. Qxb7 Ra6 13. Rb1 Rb6 14. Rxb6 cxb6 15. Qf7# 1-0

[Event "Battle of Senta op-B 15th"]
[Site "Senta"]
[Date "2011.07.22"]
[Round "8"]
[White "Holobica, Laszlo"]
[Black "Rozsa, Sandor S"]
[Result "1/2-1/2"]
[WhiteElo "1687"]
[BlackElo "1463"]
[PlyCount "52"]
[EventDate "2011.07.16"]
[EventType "swiss"]
[EventRounds "9"]
[EventCountry "SRB"]
[SourceTitle "EXT 2019"]
[Source "ChessBase"]
[SourceDate "2018.10.10"]
[SourceVersion "1"]
[SourceVersionDate "2018.10.10"]
[SourceQuality "1"]

1. e4 e5 2. Nf3 Nc6 3. Bc4 h6 4. c3 Nf6 5. Bd3 d5 6. exd5 Qxd5 7. Bc2 Bg4 8. d3 0-0-0 9. Qe2 Bxf3 10. gxf3 Bd6 11. Rg1 Nh5 12. Be3 f5 13. c4 Bb4+ 14. Bd2 Bxd2+ 15. Nxd2 Qf7 16. 0-0-0 Nf4 17. Qe3 Kb8 18. Nb3 g5 19. Kb1 Rhe8 20. a3 a6 21. Nc5 Nd4 22. Nb3 Nxc2 23. Kxc2 Rd6 24. Nc5 Qe7 25. b4 Rd4 26. Nb3 Rd6 1/2-1/2